| 000 | nam a22 a 4500 | ||
|---|---|---|---|
| 999 |
_c2008 _d2008 |
||
| 003 | AKMAL | ||
| 005 | 20170512162548.0 | ||
| 008 | 170512t20132013my e a001 0 may d | ||
| 020 |
_a9789670474458 _qpaperback _cRM47.00 |
||
| 039 | 9 |
_a201605061132 _bVLOAD _c201604260957 _dVLOAD _c201504290900 _dhazwani _c201406041219 _daidayas |
|
| 040 | _aAKMAL | ||
| 082 | 0 | 4 |
_a352.6309595 SAM _223 |
| 090 | 0 | 0 |
_a352.6309595 _bSAM |
| 245 | 0 | 0 |
_aSistem Pengurusan TATATERTIB di Tempat Kerja / _cEditor SAMIHAH KHALIL |
| 264 | 1 |
_aSintok, Kedah : _bPenerbit Universiti Utara Malaysia, _c2013 |
|
| 300 |
_axxvii, 210 pages ; _c23 cm |
||
| 504 | _aIncludes bibliographical references and index | ||
| 650 | 1 | 0 |
_aCivil service ethics _zMalaysia _9416 |
| 650 | 2 | 0 |
_aPublic administration _xMoral and ethical aspects _zMalaysia _94163 |
| 700 | 0 |
_aSamihah Kamal, _eeditor. _94164 |
|
| 942 |
_2ddc _cBOOK |
||